Statistiche per Articoli Determinativi

Clicka qui per fare il quiz!

Statistiche generali

  • Questo quiz è stato fatto 57 volte
  • Il punteggio medio è 6 su 6

Statistiche sulle risposte

Articoli% Corretto
I
100%
La
100%
Lo
100%
Il
98%
Le
98%
Gli
96%

Distribuzione punteggi

Percentile per numero di risposta

Percentuale di utenti per punteggio

I tuoi punteggi nel tempo

Non hai fatto questo quiz